000 01139nam a2200301 a 4500
001 BRL_424
005 20190320210733.0
008 080813s1991----u--a######---#000-0#eng-#
020 _a0935937102
041 _aeng
044 _au
050 4 _aND1432.5
_b.G54 1991
100 1 _aGiffords, Gloria Fraser
_d1938-
_93667
245 1 0 _aThe Art of Private Devotion
_bRetablo Painting of Mexico
_cprincipal essay cataloge by Gloria Fraser Gilfords ; with acompanyingessays by Yvonne Lange, Virginia Armella de Aspe and Mercedes Meade.
260 _aDallas, Texas
_bIntercultura
_c1991
300 _a126 p.
_bil. (algunas a color)
_c29 cm.
500 _aAu421
500 _aIncluye fe de erratas
650 1 4 _aPintura mexicana
_vExposiciones
_93668
650 1 4 _aArte y simbolismo cristianos
_vExposiciones
_zMéxico
_94693
650 1 4 _aArte popular
_vExposiciones
_xHistoria
_ySiglo 19
_zMéxico
_923876
650 1 4 _aArte popular
_vExposiciones
_xHistoria
_ySiglo 20
_zMéxico
_923877
700 1 _aLange, Yvonne
_923878
700 1 _aArmella de Aspe, Virginia
_92324
700 1 _aMeade, Mercedes
_923879
902 _aGRL
942 _2lcc
_cB
999 _c9236
_d9236